000 00686nam a2200217Ia 4500
003 OSt
005 20220927104947.0
006 a|||||r|||| 00| 0
007 ta
008 220926b |||||||| |||| 00| 0 eng d
024 _a169546
037 _cReference Collections
040 _aRTL
_cRTL
_beng
041 _2eng
_aeng
082 _a"Segma.n2,N59<--N58, K3.73"
245 0 _aNational sample survey 1958-1959
_b Some results of the land utilisation survey & crop- cutting experiments
260 _aIndia
_bInd of admin publication
_c1962
300 _a127p
_ccm.
942 _h"Segma.n2,N59<--N58, K3.73"
_cCC
999 _c689739
_d689739